| 000 | 00738cam a2200277 4500500 | ||
|---|---|---|---|
| 005 | 20260329004958.0 | ||
| 041 | _afre | ||
| 042 | _adc | ||
| 100 | 1 | 0 |
_ade Oliveira, Victorine _eauthor |
| 245 | 0 | 0 | _aRappel à l’ordre |
| 260 | _c2022. | ||
| 500 | _a100 | ||
| 690 | _aAutorité | ||
| 690 | _aÉmeute | ||
| 690 | _aÉtat | ||
| 690 | _aGilets jaunes | ||
| 690 | _aJustice | ||
| 690 | _aManifestations | ||
| 690 | _aOrdre | ||
| 690 | _aPolice | ||
| 690 | _aRépression | ||
| 690 | _aSécurité | ||
| 690 | _aViolence | ||
| 786 | 0 | _nPhilosophie magazine | 156 | 2 | 2022-02-01 | p. 15-17 | 1951-1787 | |
| 856 | 4 | 1 | _uhttps://shs.cairn.info/magazine-philosophie-magazine-2022-2-page-15?lang=fr&redirect-ssocas=7080 |
| 999 |
_c1839115 _d1839115 |
||